[Event "Bern op"]
[Site "Bern"]
[Date "1994.??.??"]
[Round "3"]
[White "Eingorn, Vereslav S"]
[Black "Ksieski, Zbigniew"]
[Result "1-0"]
[WhiteElo "2570"]
[BlackElo "2355"]

1.d4 Nf6 2.Nf3 e6 3.c4 Bb4+ 4.Bd2 a5 5.g3 d6 6.Bg2 Nbd7 7.O-O e5 8.Nc3 exd4
9.Nxd4 O-O 10.Nd5 Bxd2 11.Qxd2 c6 12.Nc3 Nb6 13.b3 a4 14.e4 Re8 15.h3 Qe7
16.f4 axb3 17.axb3 Rxa1 18.Rxa1 h5 19.Rd1 d5 20.cxd5 cxd5 21.e5 Ne4 22.Nxd5 Nxd5
23.Bxe4 Nb4 24.Nf5 Bxf5 25.Bxf5 Nc6 26.Qe3 Rd8 27.Bc2 h4 28.Rxd8+ Qxd8 29.gxh4 Qxh4
30.Be4 Qh6 31.Kf2 Qh4+ 32.Ke2 Qh6 33.Qd2 Qh4 34.Qd7 g6 35.Bxc6 bxc6 36.Qd2 Qe7
37.Qd6 Qh4 38.e6 fxe6 39.Qxe6+ Kg7 40.Qe5+ Kh7 41.Qc7+ Kh8 42.b4 Kg8 43.Qxc6 Qxf4
44.Qxg6+ Kh8 45.Qh5+  1-0

[Event "Bern op"]
[Site "Bern"]
[Date "1994.??.??"]
[Round "4"]
[White "Cvitan, Ognjen"]
[Black "Adler, Joel"]
[Result "1-0"]
[WhiteElo "2570"]
[BlackElo "2320"]

1.d4 Nf6 2.Nf3 e6 3.c4 Bb4+ 4.Bd2 c5 5.Bxb4 cxb4 6.e3 O-O 7.Be2 d6 8.O-O Nc6
9.Qb3 Qa5 10.a3 Bd7 11.Nbd2 Rfc8 12.Rfc1 bxa3 13.Rxa3 Qb4 14.Qd1 Qb6 15.h3 h6
16.c5 dxc5 17.Rxc5 Qd8 18.Rc1 Be8 19.Nc4 Qe7 20.Nce5 a6 21.Rac3 Nd5 22.Nxc6 Bxc6
23.Rc5 Bd7 24.Ne5 Rxc5 25.Rxc5 Rc8 26.Bh5 g6 27.Bf3 Rxc5 28.dxc5 Bc6 29.Qd4 h5
30.b4 Qf8 31.h4 Qe7 32.g3 Qc7 33.Bxd5 Bxd5 34.e4 Bc6 35.Nc4 Qd7 36.Nd6 Qe7
37.Nc4 f5 38.Ne5 Qe8 39.f3 fxe4 40.fxe4 Kh7 41.Nf3 Kg8 42.Kf2 Qf8 43.Qe5 Qe7
44.Ke3 Qe8 45.Qf6 Qf7 46.Qe5 Qe8 47.Ng5 Bd7 48.Qf6 Bc8 49.Nf3 Qf7 50.Qxf7+ Kxf7
51.Ne5+ Kg7 52.Kf3  1-0

[Event "Bern op"]
[Site "Bern"]
[Date "1994.??.??"]
[Round "5"]
[White "Razuvaev, Yuri S"]
[Black "Wahls, Matthias"]
[Result "1/2-1/2"]
[WhiteElo "2555"]
[BlackElo "2520"]

1.d4 Nf6 2.c4 e6 3.Nf3 Bb4+ 4.Bd2 Qe7 5.g3 Nc6 6.Nc3 Bxc3 7.Bxc3 Ne4 8.Rc1 O-O
9.Bg2 d6 10.d5 Nd8 11.dxe6 Nxe6 12.Bb4 f5 13.O-O Bd7 14.Ba3 Qf6 15.c5 Bc6
16.cxd6 cxd6 17.b3 f4 18.Qd3 N4c5 19.Qc3 Qxc3 20.Rxc3 Bxf3 21.Bxf3 Nd4 22.Bxc5 Nxf3+
23.exf3 dxc5 24.Rxc5 Rf7 25.Kg2 b6 26.Rc3 g6 27.Rd1 Re8 28.Rd2 Kg7 29.Rc4 Re5
30.Rdc2 a5 31.a4 Rd5 32.Rc6 b5 33.R6c5 Rff5 34.Rc7+ Rf7 35.R2c5 Rxc7 36.Rxd5 b4
37.Rxa5 Rc3 38.Ra7+ Kg8 39.Rb7 Rxb3 40.Kh3 fxg3 41.fxg3 Rxf3 42.Rxb4 Rf2
43.g4 g5 44.Kg3 Ra2 45.Kf3 Rxh2 46.Rb7 h5 47.gxh5 Rxh5 48.Ra7 Kf8 49.a5 Ke8
50.a6 g4+ 51.Kxg4 Ra5 52.Ra8+ Kd7  1/2-1/2

[Event "Bern op"]
[Site "Bern"]
[Date "1994.??.??"]
[Round "5"]
[White "Eingorn, Vereslav S"]
[Black "Schmittdiel, Eckhard"]
[Result "1/2-1/2"]
[WhiteElo "2570"]
[BlackElo "2450"]

1.d4 Nf6 2.Nf3 e6 3.c4 Bb4+ 4.Bd2 c5 5.Bxb4 cxb4 6.e3 O-O 7.Nbd2 d6 8.Bd3 Nbd7
9.O-O Qc7 10.Re1 b6 11.e4 e5 12.Nf1 Bb7 13.Ng3 Rfe8 14.Qd2 a5 15.Nf5 Nf8
16.Rac1 Rad8 17.Bc2 Ng6 18.d5 Rf8 19.Qe3 Bc8 20.Nd2 h6 21.g3 Nd7 22.a3 bxa3
23.Qxa3 Nc5 24.b4 axb4 25.Qxb4 Bxf5 26.exf5 Ne7 27.Rb1 Rb8 28.Re3 f6 29.Ra3 Ra8
30.Rxa8 Rxa8 31.Ne4 Nxe4 32.Bxe4 Rb8 33.Qb5 Kf8 34.Ra1 Rc8 35.Ra4 Qc5 36.Qb2 Rb8
37.Bd3 Nc8 38.Ra6 Rb7 39.Qa2 Qc7 40.Ra8 Rb8 41.Be2 Rxa8 42.Qxa8 Ke7 43.Kg2 Qd7
44.Bd3 Kd8 45.Qa3 Qa7 46.Qb3 Qa1 47.Bc2 Qd4 48.Qa4 Qd2 49.Be4 Qa5 50.Qb3 Qa6
51.Bf3 Ne7 52.Qd3 Qa4 53.Bd1 Qa2 54.Bf3 Qb2 55.Be4 Qa2 56.h4 Kc7 57.Qc3 Qa4
58.Bd3  1/2-1/2

[Event "Bern op"]
[Site "Bern"]
[Date "1994.??.??"]
[Round "6"]
[White "Brunner, Lucas"]
[Black "Lutz, Christopher"]
[Result "1-0"]
[WhiteElo "2480"]
[BlackElo "2595"]

1.d4 Nf6 2.Nf3 e6 3.c4 Bb4+ 4.Bd2 c5 5.Bxb4 cxb4 6.e3 O-O 7.Be2 d6 8.O-O Nc6
9.a3 bxa3 10.Rxa3 e5 11.Nc3 Bg4 12.h3 Bh5 13.Qd2 e4 14.Ne1 Bxe2 15.Qxe2 Re8
16.Nc2 a6 17.b4 a5 18.bxa5 Rxa5 19.Rb3 Rg5 20.Rxb7 Qc8 21.Rb5 Rg6 22.Kh2 Na7
23.Rb2 Qf5 24.f4 exf3 25.Rxf3 Qh5 26.Nb4 Qh4 27.Nbd5 Nc6 28.Nxf6+ Rxf6 29.Rxf6 Qxf6
30.Nd5 Qg6 31.Qf3 h6 32.Rb7 Na5 33.Ne7+ Rxe7 34.Rxe7 Nxc4 35.Qc6 Nd2 36.Qe8+ Kh7
37.Qxf7 Qg5 38.Re8  1-0

[Event "Bern op"]
[Site "Bern"]
[Date "1994.??.??"]
[Round "8"]
[White "Novikov, Igor A"]
[Black "Wahls, Matthias"]
[Result "1/2-1/2"]
[WhiteElo "2565"]
[BlackElo "2520"]

1.d4 Nf6 2.c4 e6 3.Nf3 Bb4+ 4.Bd2 Qe7 5.g3 Nc6 6.Nc3 Bxc3 7.Bxc3 Ne4 8.Rc1 O-O
9.Bg2 d6 10.d5 Nd8 11.dxe6 Nxe6 12.O-O Nxc3 13.Rxc3 Bd7 14.Nd2 a5 15.Re1 Rfe8
16.Nb3 Bc6 17.Bd5 Qf6 18.Qd2 a4 19.Rf3 Qe5 20.Re3 Qh5 21.Bxc6 bxc6 22.Nd4  1/2-1/2

[Event "Biel op"]
[Site "Biel"]
[Date "1994.??.??"]
[Round "2"]
[White "Tischer, Guenter"]
[Black "Gipslis, Aivars"]
[Result "0-1"]
[WhiteElo "2330"]
[BlackElo "2485"]

1.d4 Nf6 2.c4 e6 3.Nf3 Bb4+ 4.Bd2 Qe7 5.g3 Nc6 6.Bg2 Bxd2+ 7.Qxd2 Ne4 8.Qc2 Qb4+
9.Kf1 d5 10.b3 O-O 11.a3 Qd6 12.Nc3 f5 13.e3 a6 14.Kg1 Bd7 15.h3 Be8 16.Kh2 Bh5
17.Rhc1 Rf6 18.Ra2 Raf8 19.Ne5 Nxe5 20.c5 Nxc5 21.dxe5 Qxe5 22.Nxd5 exd5
23.Qxc5 c6 24.b4 g5 25.a4 f4 26.exf4 gxf4 27.b5 axb5 28.axb5 Bf3 29.Bxf3 fxg3+
30.fxg3 Rxf3 31.Rg2 R8f6 32.Qa7 Rh6 33.Qa8+ Rf8 34.Qa4 cxb5 35.Qg4+ Rg6 36.Qh4 d4
37.Rd1 Rd6 38.Qg4+ Kh8 39.Re2 Qg7 40.Qe4 Rfd8 41.Rd3 Rd5 42.h4 b4 43.g4 Qg6
44.Qxg6 hxg6 45.Rb2 Kg7 46.Rxb4 b5 47.Kg3 Kf6 48.Kf4 Ke6 49.Rb1 Rf8+ 50.Ke4 Re5+
51.Kxd4 Rf4+ 52.Kc3 Rxg4 53.Rb4 Rxb4 54.Kxb4 Re4+ 55.Kxb5 Rxh4 56.Kc5 g5
57.Re3+ Kf5 58.Kd5 Ra4 59.Re1 g4 60.Rf1+ Kg5 61.Ke5 g3 62.Rf8 Kg4 63.Rg8+ Kf3
64.Rf8+ Ke3 65.Rg8 Ra5+ 66.Ke6 Kf2 67.Rf8+ Kg1  0-1

[Event "Biel op"]
[Site "Biel"]
[Date "1994.??.??"]
[Round "2"]
[White "Razuvaev, Yuri S"]
[Black "Cladouras, Panagiotis"]
[Result "1-0"]
[WhiteElo "2550"]
[BlackElo "2365"]

1.d4 Nf6 2.c4 e6 3.Nf3 Bb4+ 4.Bd2 Qe7 5.g3 Nc6 6.Nc3 O-O 7.Bg2 d5 8.a3 Bxc3
9.Bxc3 Ne4 10.Qc2 a5 11.b3 Nxc3 12.Qxc3 Re8 13.O-O Nd8 14.Nd2 c6 15.e4 dxe4
16.Nxe4 e5 17.Rfe1 Kf8 18.dxe5 Qxe5 19.Qd2 Qc7 20.Nf6 Rxe1+ 21.Rxe1 Ne6 22.Nxh7+ Kg8
23.Ng5 Qe7 24.h4 Qxa3 25.Qd3 g6 26.h5 Nxg5 27.Qd8+ Kg7 28.Qxg5 Bf5 29.g4 Bc2
30.h6+ Kh7 31.Qf6 Qf8 32.Re7  1-0

[Event "Biel"]
[Site "Biel"]
[Date "1994.??.??"]
[Round "5"]
[White "Gavrikov, Viktor"]
[Black "Wahls, Matthias"]
[Result "1-0"]
[WhiteElo "2600"]
[BlackElo "2540"]

1.d4 Nf6 2.c4 e6 3.Nf3 Bb4+ 4.Bd2 Qe7 5.g3 Nc6 6.Nc3 Bxc3 7.Bxc3 Ne4 8.Rc1 O-O
9.Bg2 d6 10.d5 Nd8 11.dxe6 Nxe6 12.Bb4 Qf6 13.Qc2 N6g5 14.h4 Nxf3+ 15.Bxf3 Nc5
16.Bc3 Qf5 17.Qd2 Re8 18.O-O Ne4 19.Qd4 Nxc3 20.Rxc3 Qc5 21.Qxc5 dxc5 22.Rd1 c6
23.Rb3 Kf8 24.g4 a5 25.a4 Ra7 26.Rbd3 Be6 27.b3 Ke7 28.Kg2 Rb8 29.Re3 Kf8
30.g5 b5 31.Bxc6 bxc4 32.bxc4 Bxc4 33.Rc1 Be6 34.Bb5 Rc7 35.f4 c4 36.Kf2 h6
37.Rec3 Ke7 38.e4 hxg5 39.hxg5 g6 40.Ke3 Rh8 41.Bxc4 Bd7 42.Bb5 Rxc3+ 43.Rxc3 Bxb5
44.axb5 Rb8 45.Rc5 a4 46.Kd3 a3 47.Kc2 Ra8 48.Kb1 Ra4 49.Ka2 Kd7 50.b6 Rxe4
51.Rc7+ Ke6 52.Kxa3 Re1 53.Kb4 Rb1+ 54.Ka5 Ra1+ 55.Kb5 Rb1+ 56.Ka6 Ra1+ 57.Kb7 Ra4
58.Rc6+ Ke7 59.Rf6 Rc4 60.Ka7 Ra4+ 61.Kb8 Rc4 62.b7  1-0

[Event "Wch Seniors"]
[Site "Biel"]
[Date "1994.??.??"]
[Round "11"]
[White "Gurgenidze, Bukhuti"]
[Black "Arkhangelsky, Boris"]
[Result "1/2-1/2"]
[WhiteElo "2390"]
[BlackElo "2360"]

1.d4 Nf6 2.c4 e6 3.Nf3 Bb4+ 4.Bd2 a5 5.a3 Bxd2+ 6.Qxd2 O-O 7.Nc3 d5 8.e3 b6
9.cxd5 exd5 10.Be2 Re8 11.O-O Ne4  1/2-1/2

[Event "GER-ch"]
[Site "Binz"]
[Date "1994.??.??"]
[Round "1"]
[White "Alber, Horst"]
[Black "Schmittdiel, Eckhard"]
[Result "1/2-1/2"]
[WhiteElo "2290"]
[BlackElo "2495"]

1.d4 Nf6 2.c4 e6 3.Nf3 Bb4+ 4.Bd2 c5 5.Bxb4 cxb4 6.Qb3 a5 7.a3 Na6 8.e3 b6
9.Be2 Bb7 10.O-O O-O 11.axb4 Nxb4 12.Nc3 d6 13.Rfd1 Qe7 14.Na2 Nxa2 15.Qxa2 e5
16.Qa3 e4 17.Nd2 Bc8 18.b4 Bd7 19.Qb2 Ra7 20.c5 dxc5 21.dxc5 Rb8 22.bxa5 Qxc5
23.Rdc1 Qd6 24.axb6 Rxb6 25.Qc3 Rc6 26.Nc4 Rxa1 27.Rxa1 Qc7 28.Qd4 h6 29.h3 Be6
30.Ra4 Bxc4 31.Rxc4 Rxc4 32.Qxc4 Qe7 33.g3 g6 34.Kg2 h5 35.h4 Qe5 36.Qb5 Qc3
37.Qb8+ Kg7 38.Qb1 Qd2 39.Qd1 Qb2 40.Kg1 Qe5  1/2-1/2

[Event "Budapest FS03 GM"]
[Site "Budapest"]
[Date "1994.??.??"]
[Round "1"]
[White "Lukacs, Peter"]
[Black "Loginov, Valery A"]
[Result "1/2-1/2"]
[WhiteElo "2485"]
[BlackElo "2540"]

1.d4 Nf6 2.c4 e6 3.Nf3 Bb4+ 4.Bd2 Qe7 5.g3 Nc6 6.Nc3 O-O 7.Bg2 Bxc3 8.Bxc3 Ne4
9.Rc1 d6 10.d5 Nd8 11.dxe6 Nxe6 12.O-O Bd7 13.Re1 f5 14.e3 Nxc3 15.Rxc3 Bc6
16.Nd4 Bxg2 17.Nxe6 Qxe6 18.Kxg2  1/2-1/2

[Event "Budapest FS12 IM"]
[Site "Budapest"]
[Date "1994.??.??"]
[Round "1"]
[White "Zimmerman, Yuri"]
[Black "Letreguilly, Olivier"]
[Result "0-1"]
[WhiteElo "2320"]
[BlackElo "2295"]

1.d4 Nf6 2.c4 e6 3.Nf3 Bb4+ 4.Bd2 a5 5.g3 b6 6.Bg2 Ba6 7.b3 c6 8.O-O O-O
9.Qc2 d5 10.Bxb4 axb4 11.a3 Bb7 12.Nbd2 bxa3 13.b4 Na6 14.Qb3 dxc4 15.Nxc4 Nd5
16.Rxa3 Ndxb4 17.Nfe5 Qc7 18.Rb1 Rad8 19.Nd3 c5 20.dxc5 bxc5 21.Bxb7 Qxb7
22.Rxa6 Rxd3 23.exd3 Qxa6 24.d4 Qc6 25.dxc5 Na6 26.Qb6 Qa4 27.Na5 Qc2 28.c6 Nc7
29.Qb3 Qc5 30.Qb6 Qc2 31.Qb3 Qc5 32.Qb4 Qc2 33.Qb2 Qc5 34.Qb4 Qc2 35.Nc4 h6
36.Qb3 Qe2 37.Ne3 Ra8 38.Qb2 Qxb2 39.Rxb2 Ra1+ 40.Kg2 Rc1 41.Nc2 Nd5 42.Kf3 Kf8
43.Ke2 Ke7 44.Rb7+ Kf6 45.Kd2 Rf1 46.Ke2 Rc1 47.Kd3 Rd1+ 48.Kc4 Rc1 49.Rb2 Ke5
50.Kc5 g5 51.f4+ gxf4 52.gxf4+ Kxf4 53.Kd6 Rd1 54.Kd7 e5 55.Ke8 f5 56.Rb4+ Nxb4
57.c7 Nc6 58.c8=Q Rd8+ 59.Qxd8 Nxd8 60.Kxd8 e4 61.Ke7 Ke5 62.Ne3 h5 63.Nc4+ Kd4
64.Nd6 f4 65.Kf6 e3 66.Nf5+ Ke4 67.Nd6+ Kd3 68.Kf5 e2 69.Kxf4 e1=Q 70.Nf5 Qe2
71.h4 Qe4+ 72.Kg5 Qg4+ 73.Kf6 Ke4 74.Nd6+ Kf4 75.Nf7 Qxh4+ 76.Kg6 Qg4+ 77.Kf6 Qf5+  0-1

[Event "Budapest FS09 GM"]
[Site "Budapest"]
[Date "1994.??.??"]
[Round "1"]
[White "Lukacs, Peter"]
[Black "Loginov, Valery A"]
[Result "1/2-1/2"]
[WhiteElo "2490"]
[BlackElo "2610"]

1.d4 Nf6 2.c4 e6 3.Nf3 Bb4+ 4.Bd2 Qe7 5.g3 Nc6 6.Nc3 O-O 7.Bg2 Bxc3 8.Bxc3 Ne4
9.Rc1 d6 10.d5 Nd8 11.O-O e5 12.c5 f5 13.b4 Nxc3 14.Rxc3 Nf7 15.Qc2 Bd7 16.Rc1 g6
17.cxd6 cxd6 18.Qb3 Rfc8 19.Rxc8+ Rxc8 20.Rxc8+ Bxc8 21.Qc3 Qd8 22.e4 Bd7
23.exf5 gxf5 24.Bh3 Qc8 25.Qd2 f4 26.Bxd7 Qxd7 27.Qd3 fxg3 28.hxg3 Qg4 29.Qc3 h5
30.a3 b5 31.Qe3 a6 32.Kg2 Qc4 33.Nd2 Qxd5+ 34.Ne4 Qd1 35.Qa7 Qd3 36.Qb7 Kg7
37.Ng5 Qf5 38.Nxf7 Qxf7 39.Qxa6 Qd5+ 40.Kg1 Kg6 41.Qc8 Qd1+ 42.Kg2 Qd5+ 43.Kg1 Qd1+
44.Kg2 Qd5+  1/2-1/2

[Event "Budapest FS08 GM"]
[Site "Budapest"]
[Date "1994.??.??"]
[Round "2"]
[White "Shabtai, Ran"]
[Black "Appleberry, Martin"]
[Result "1-0"]
[WhiteElo "2260"]
[BlackElo "2315"]

1.d4 Nf6 2.Nf3 e6 3.c4 Bb4+ 4.Bd2 Qe7 5.Nc3 O-O 6.Qc2 d6 7.a3 Bxc3 8.Bxc3 Nbd7
9.e3 e5 10.Be2 b6 11.dxe5 Nxe5 12.Nxe5 dxe5 13.Bf3 Rb8 14.O-O Re8 15.Bc6 Bd7
16.Bxd7 Qxd7 17.Rad1 Qc6 18.b3 b5 19.cxb5 Rxb5 20.Rc1 a5 21.a4 Rc5 22.Qb2 Qe4
23.Bd2 Rd5 24.Rxc7 Qd3 25.Bc1 h6 26.Qc3 Ne4 27.Qxd3 Rxd3 28.f3 Nd2 29.Bxd2 Rxd2
30.Rfc1 Re6 31.R7c6 Rxc6 32.Rxc6 Rd3 33.Kf2 Rxb3 34.Rc5 f6 35.Rxa5 Ra3 36.h4 h5
37.g4 Kh7 38.g5 Kg6  1-0

[Event "Budapest FS10 IM-A"]
[Site "Budapest"]
[Date "1994.??.??"]
[Round "2"]
[White "Izsak, Gyula"]
[Black "Eperjesi, Laszlo"]
[Result "1-0"]
[WhiteElo "2400"]
[BlackElo "2370"]

1.d4 Nf6 2.Nf3 e6 3.c4 Bb4+ 4.Bd2 c5 5.Bxb4 cxb4 6.e3 O-O 7.Bd3 a5 8.O-O d6
9.Qc2 Qe7 10.Nbd2 Na6 11.Rac1 h6 12.c5 dxc5 13.Bxa6 Rxa6 14.Qxc5 Qe8 15.Ne5 Bd7
16.Ndf3 Bb5 17.Rfe1 Nd5 18.Qc2 Ra8 19.Qd2 f6 20.Nc4 Qd8 21.e4 Ne7 22.Ne3 Bc6
23.Qd3 f5 24.Qc4 Bxe4 25.Qxe6+ Kh7 26.Ne5 Ra6 27.Qd7 Rd6 28.Qxd8 Rfxd8 29.Red1 f4
30.N3c4 Nf5 31.f3 Bd5 32.Nxa5 Ra8 33.Nac4 Rxa2 34.Rd2 Rd8 35.Nb6 Bc6 36.d5 Bb5
37.Nf7 Re8 38.d6 Kg6 39.d7 Kxf7 40.dxe8=Q+ Bxe8 41.Nc4 Bb5 42.b3 Rxd2 43.Nxd2 Ne3
44.Rc7+  1-0

[Event "Budapest Spring op"]
[Site "Budapest"]
[Date "1994.??.??"]
[Round "2"]
[White "Berebora, Ferenc"]
[Black "Buchenau, Frank"]
[Result "1-0"]
[WhiteElo "2390"]
[BlackElo "2250"]

1.d4 e6 2.c4 Nf6 3.Nf3 Bb4+ 4.Bd2 Qe7 5.g3 Nc6 6.Nc3 O-O 7.Bg2 d6 8.d5 Nb8
9.dxe6 fxe6 10.O-O c6 11.Qc2 Nbd7 12.a3 Ba5 13.e4 e5 14.Nh4 Bb6 15.Nf5 Qe6
16.Na4 Bc7 17.b4 Nb6 18.Nxb6 axb6 19.a4 Qf7 20.Ne3 Qh5 21.c5 bxc5 22.bxc5 dxc5
23.Qxc5 Nd7 24.Qc4+ Qf7 25.Bb4 Rd8 26.Rfd1 Nb6 27.Qxf7+ Kxf7 28.a5 Nd7 29.Nc4 Re8
30.Nd6+ Bxd6 31.Rxd6 Re6 32.Rdd1 Nf6 33.f3 Re8 34.Kf2 Be6 35.Bf1 Red8 36.Ke3 Rxd1
37.Rxd1 Nd7 38.Rc1 Ke8 39.f4 Rc8 40.Bd6 exf4+ 41.gxf4 g6 42.a6 b6 43.Bb5 Nc5
44.a7  1-0

[Event "Budapest Spring op"]
[Site "Budapest"]
[Date "1994.??.??"]
[Round "3"]
[White "Vasilchenko, Oleg"]
[Black "Khasin, Alexander"]
[Result "1/2-1/2"]
[WhiteElo "2415"]
[BlackElo "2460"]

1.d4 Nf6 2.Nf3 e6 3.c4 Bb4+ 4.Bd2 Qe7 5.g3 Nc6 6.Nc3 Bxc3 7.Bxc3 Ne4 8.Rc1 d6
9.Bg2 Nxc3 10.Rxc3 e5 11.d5 Nb8 12.c5 O-O 13.cxd6 cxd6 14.O-O Na6 15.a3 Bd7
16.Qc2 Rfc8 17.Rc1 g6 18.b4 Kg7 19.e4 Qd8 20.Bf1 Rxc3 21.Qxc3 Rc8 22.Qe3 Rxc1
23.Qxc1 Qb6 24.h4 h5 25.Bxa6 bxa6 26.Qc3 a5 27.bxa5 Qb5 28.Qe1 Qd3 29.Qe3 Qxe3
30.fxe3 Bb5 31.Nd2 Bd3 32.Kf2 Kf8 33.Ke1 Bc2 34.Ke2 Ke7 35.Kf3 Bd3 36.Nb3 Kd7
37.Nc1 Bc4 38.Ne2 Kc7 39.Nc3 Kb7 40.g4 Ka6 41.gxh5 gxh5 42.Kf2 Kxa5 43.Ke1 Ba6
44.Kd2 Kb6 45.Nd1 Kb5 46.Nb2 Bc8 47.Kc3 f5 48.Nc4 Kc5 49.Nd2 a5 50.exf5 Bxf5
51.e4 Bh7 52.Nb3+ Kb5 53.Nd2  1/2-1/2

[Event "Budapest FS02 GM"]
[Site "Budapest"]
[Date "1994.??.??"]
[Round "4"]
[White "Lingnau, Carsten"]
[Black "Loginov, Valery A"]
[Result "0-1"]
[WhiteElo "2395"]
[BlackElo "2540"]

1.d4 Nf6 2.c4 e6 3.Nf3 Bb4+ 4.Bd2 Qe7 5.g3 Nc6 6.Nc3 O-O 7.Bg2 Bxc3 8.Bxc3 Ne4
9.Rc1 d6 10.d5 Nd8 11.dxe6 Nxe6 12.Bb4 a5 13.Ba3 f5 14.O-O Kh8 15.Nd4 Nxd4
16.Qxd4 b6 17.b3 Bb7 18.Bb2 Rf6 19.a3 Re6 20.Ra1 Rf8 21.b4 c5 22.Qd3 Ng5
23.Bxb7 Qxb7 24.h4 Ne4 25.bxa5 bxa5 26.Rab1 Qe7 27.Qd5 f4 28.Ba1 fxg3 29.fxg3 Rxf1+
30.Rxf1 h6 31.Rb1 Qf7 32.Rf1 Qg6 33.Rf8+ Kh7 34.Qf5 Nxg3 35.Qxg6+ Kxg6 36.Rg8 Nxe2+
37.Kf2 Nd4 38.Ra8 Re2+ 39.Kf1 Rd2  0-1

[Event "Budapest Spring op"]
[Site "Budapest"]
[Date "1994.??.??"]
[Round "6"]
[White "Soffer, Ram"]
[Black "Papagorasz, Takisz"]
[Result "1-0"]
[WhiteElo "2520"]
[BlackElo "2270"]

1.d4 Nf6 2.Nf3 e6 3.c4 Bb4+ 4.Bd2 Bxd2+ 5.Qxd2 b6 6.g3 Bb7 7.Bg2 O-O 8.Nc3 d6
9.d5 e5 10.O-O a5 11.b3 Nbd7 12.Ne1 Nh5 13.e4 g6 14.Nd3 Nc5 15.Nxc5 dxc5
16.f4 f6 17.Rad1 Ng7 18.Bh3 Bc8 19.Bxc8 Rxc8 20.d6 c6 21.d7 Rc7 22.fxe5 Ne6
23.Qd6 Nd4 24.e6  1-0

[Event "Budapest FS02 GM"]
[Site "Budapest"]
[Date "1994.??.??"]
[Round "6"]
[White "Silman, Jeremy D"]
[Black "Loginov, Valery A"]
[Result "1/2-1/2"]
[WhiteElo "2405"]
[BlackElo "2540"]

1.d4 Nf6 2.c4 e6 3.Nf3 Bb4+ 4.Bd2 Qe7 5.g3 Nc6 6.Nc3 O-O 7.Bg2 d6 8.O-O a5
9.Qc2 Bxc3 10.Bxc3 e5 11.d5 Nd8 12.e4 b6 13.Nd2 Nb7 14.f4 Nc5 15.b3 Bd7 16.Rae1 Ng4
17.h3 Nh6 18.f5 f6 19.Rf2 Nf7 20.g4 c6 21.dxc6 Bxc6 22.a4 g6 23.Nf1 gxf5
24.gxf5 Kh8 25.Kh2 Rg8 26.Bd2 Ng5 27.Bxg5 Rxg5 28.Bf3 Rag8 29.h4 R5g7 30.Ree2 Qf8
31.Rg2 Rxg2+ 32.Rxg2 Rxg2+ 33.Kxg2 Qh6 34.Qd2 Qxd2+ 35.Nxd2 Kg7 36.Kf2 Be8
37.Ke3 Kf8 38.Bd1 Bc6 39.Bc2 Na6 40.Nf1 Nb4 41.Bd1 Be8 42.Ng3 Ke7 43.Kd2 Nc6
44.Kc3 Nd4 45.Bg4 Nc6 46.Be2 Nb4 47.Bf3 Na6 48.Bd1 Nc5 49.Bf3 Kf8 50.Bd1 Kg7
51.Be2 Kh6 52.Bd1 Na6 53.Be2 Bf7 54.Bd1 Nc7 55.Kd3 Ne8 56.Ke3 Ng7 57.Kf2 Be8
58.Bf3  1/2-1/2

[Event "Budapest FS08 GM"]
[Site "Budapest"]
[Date "1994.??.??"]
[Round "6"]
[White "Lukacs, Peter"]
[Black "Anka, Emil"]
[Result "1/2-1/2"]
[WhiteElo "2490"]
[BlackElo "2380"]

1.d4 Nf6 2.c4 e6 3.Nf3 Bb4+ 4.Bd2 Qe7 5.g3 Nc6 6.Nc3 Bxc3 7.Bxc3 Ne4 8.Rc1 O-O
9.Bg2 a5 10.O-O Nxc3 11.Rxc3 d6 12.d5 Nb4 13.a3 Na6 14.dxe6 fxe6 15.Nd4 e5
16.Nc2 a4 17.Ne3 Nc5 18.f4 c6 19.f5 Bd7 20.g4 g6 21.Rf2 gxf5 22.gxf5 Kh8
23.Qf1 Qg5 24.Kh1 Rf6 25.Nc2 e4 26.Rg3 Qd2 27.e3 Qd3 28.Nd4 Qxf1+ 29.Bxf1 Re8
30.Rg4 Nd3 31.Bxd3 exd3 32.e4 c5 33.Nf3 Bc6 34.Nd2 b5 35.cxb5 Bxb5 36.Kg1 Bc6
37.Rg3 d5 38.exd5 Re1+ 39.Rf1  1/2-1/2

[Event "Budapest FS08 GM"]
[Site "Budapest"]
[Date "1994.??.??"]
[Round "7"]
[White "Horvath, Jozsef"]
[Black "Appleberry, Martin"]
[Result "1/2-1/2"]
[WhiteElo "2520"]
[BlackElo "2315"]

1.d4 Nf6 2.Nf3 e6 3.c4 Bb4+ 4.Bd2 c5 5.Bxb4 cxb4 6.g3 d6 7.Bg2 O-O 8.Nbd2 Nc6
9.O-O e5 10.d5 Nb8 11.a3 bxa3 12.Rxa3 Na6 13.Qb3 h6 14.h3 Nd7 15.Ne1 Ndc5
16.Qc3 b5 17.b4 Na4 18.Qb3 Nb6 19.Nd3 bxc4 20.Nxc4 Nxc4 21.Qxc4 Qb6 22.Ra5 Rb8
23.Ra4 Nc7 24.Rc1 Bd7 25.Raa1 Nb5 26.e3 Rfc8 27.Qb3 Rxc1+ 28.Rxc1 Rc8 29.Rxc8+ Bxc8
30.Bf1 Bd7 31.Nb2 Qb7 32.Bc4 Nc7 33.h4 Bb5 34.e4 Bd7 35.Na4 f5 36.exf5 Bxf5
37.Nc3 Qb6 38.Ne2 Na6 39.b5 Bg4 40.Qc2 Nc7 41.Nc3  1/2-1/2

[Event "Budapest FS06 GM"]
[Site "Budapest"]
[Date "1994.??.??"]
[Round "8"]
[White "Farago, Ivan"]
[Black "Loginov, Valery A"]
[Result "1-0"]
[WhiteElo "2515"]
[BlackElo "2540"]

1.d4 Nf6 2.c4 e6 3.Nf3 Bb4+ 4.Bd2 Qe7 5.g3 Nc6 6.Nc3 O-O 7.Bg2 Bxc3 8.Bxc3 Ne4
9.Rc1 d6 10.d5 Nd8 11.O-O e5 12.c5 Nxc3 13.Rxc3 dxc5 14.Qc2 b6 15.Re3 Bb7
16.Nxe5 Qd6 17.Qa4 b5 18.Qxb5 Ba6 19.Qd7 Nb7 20.Qa4 c4 21.Nxc4 Nc5 22.Qc2 Bxc4
23.Qxc4 Rab8 24.b4 Na4 25.a3 Nb6 26.Qc5 a5 27.Rc1 axb4 28.axb4 Na8 29.Qxd6 cxd6
30.Rb3 Rfd8 31.Rc6 Kf8 32.e4 f6 33.Bh3 Rb7 34.b5 Ke7 35.Bc8 Rb8 36.Bf5 g6
37.Be6 Rb7 38.Bc8 Rb8 39.b6 Rxb6 40.Rbxb6 Nxb6 41.Rxb6 Rxc8 42.Rb7+ Ke8 43.Rxh7 Rc4
44.f3 g5 45.g4 Rc2 46.h4 gxh4 47.Rxh4 Kf7 48.Rh2  1-0

[Event "Budapest FS03 GM"]
[Site "Budapest"]
[Date "1994.??.??"]
[Round "9"]
[White "Dinstuhl, Volkmar"]
[Black "Anka, Emil"]
[Result "1/2-1/2"]
[WhiteElo "2365"]
[BlackElo "2390"]

1.d4 Nf6 2.c4 e6 3.Nf3 Bb4+ 4.Bd2 Qe7 5.g3 Nc6 6.Bg2 Bxd2+ 7.Nbxd2 d6 8.e4 e5
9.d5 Nb8 10.O-O a5 11.Ne1 O-O 12.Rb1 Bd7 13.b3 c6 14.Nd3 Na6 15.Re1 Rfc8
16.dxc6 Bxc6 17.Nf1 g6 18.f3 b5 19.Ne3 Qa7 20.Kh1 Nc5 21.Nxc5 Qxc5 22.Rc1 b4
23.Qd2 Rd8 24.Rc2 Nd7 25.Bh3 Nf6 26.Rec1 Ra7 27.Nd5 Ne8 28.Qh6 a4 29.Qd2 axb3
30.axb3 Rb8 31.Ne3 Ra3 32.Rb2 Rba8 33.Bg2 Ra1 34.Nc2 Rxc1+ 35.Qxc1 Nc7 36.Qe1 Rb8
37.Ra2 Ne6 38.h4 Nd4 39.Nxd4 Qxd4 40.Kh2 Qd3 41.Rb2 Qc3 42.Qd2 Qxd2 43.Rxd2 Rd8
44.Ra2 Ra8 45.Rd2 Rd8  1/2-1/2

[Event "Budapest FS08 GM"]
[Site "Budapest"]
[Date "1994.??.??"]
[Round "9"]
[White "Horvath, Jozsef"]
[Black "Anka, Emil"]
[Result "1/2-1/2"]
[WhiteElo "2520"]
[BlackElo "2380"]

1.d4 Nf6 2.Nf3 e6 3.c4 Bb4+ 4.Bd2 Qe7 5.g3 Nc6 6.Nc3 Bxc3 7.Bxc3 Ne4 8.Qc2 Nxc3
9.Qxc3 O-O 10.Bg2 a5 11.O-O d6 12.d5 Nb8 13.e4 e5 14.c5 Bg4 15.cxd6 cxd6
16.Nd2 Rc8 17.Qe3 Na6 18.Rfc1 Nc5 19.Nc4 Rc7 20.Bf1 Bd7 21.Nb6 Rf8 22.b3 f5
23.exf5 Bxf5 24.Be2 Qd8 25.Nc4 Be4 26.Nxe5 Re7 27.Rxc5 Rxe5 28.f4 Re7 29.Rc3 Bxd5
30.Qd4 Bc6 31.Bf3 Bxf3 32.Rxf3 Rfe8 33.Raf1 d5 34.f5 Re4 35.Qc5 Re1 36.Rxe1 Rxe1+
37.Kg2 Re2+ 38.Rf2 Rxf2+ 39.Kxf2 d4 40.Ke2 Qe8+ 41.Kd1 Qe4 42.Qxa5 Qf3+ 43.Kc2 Qe4+  1/2-1/2

[Event "Buenos Aires PRENAJ"]
[Site "Buenos Aires"]
[Date "1994.??.??"]
[Round "8"]
[White "Celis, Gustavo"]
[Black "Slipak, Sergio"]
[Result "0-1"]
[WhiteElo "2345"]
[BlackElo "2460"]

1.d4 Nf6 2.c4 e6 3.Nf3 Bb4+ 4.Bd2 c5 5.Bxb4 cxb4 6.e3 O-O 7.Bd3 b6 8.O-O Bb7
9.Nbd2 d6 10.Qc2 Nbd7 11.a3 bxa3 12.Rxa3 Qe7 13.Rfa1 a6 14.Ng5 h6 15.Nge4 Rfc8
16.Qb3 Ne8 17.Nc3 Rab8 18.Be4 Bxe4 19.Ndxe4 f5 20.Ng3 Nc7 21.d5 exd5 22.Nxf5 Qf6
23.Nd4 dxc4 24.Qxc4+ Kh8 25.Nd5 Qf7 26.e4 Nb5 27.Nxb5 Rxc4 28.Nxd6 Qe6 29.Nxc4 Qxe4
30.Nce3 a5 31.Rc3 Qe5 32.f4 Qd6 33.Rd1 Nf6 34.Nf5 Qe6 35.Nde3 Rf8 36.h3 Ne4
37.Rc7 Rxf5 38.Rd8+ Kh7 39.Nxf5 Qxf5 40.Rdd7 Qf6 41.b3 h5 42.Rf7 Qa1+ 43.Kh2 h4
44.Rf5 Ng3  0-1

[Event "Buenos Aires PRENAJ"]
[Site "Buenos Aires"]
[Date "1994.??.??"]
[Round "8"]
[White "Tempone, Marcelo"]
[Black "Giardelli, Sergio C"]
[Result "1/2-1/2"]
[WhiteElo "2460"]
[BlackElo "2475"]

1.d4 Nf6 2.c4 e6 3.Nf3 Bb4+ 4.Bd2 Bxd2+ 5.Qxd2 d5 6.Nc3 O-O 7.e3 Qe7 8.Qc2 Rd8
9.Be2 dxc4 10.Bxc4 c5 11.O-O Nc6 12.Rad1 Bd7 13.a3 Be8 14.Rfe1 Rac8 15.Ba2 b6
16.Qe2 g6 17.h3  1/2-1/2

[Event "Buenos Aires PRENAJ"]
[Site "Buenos Aires"]
[Date "1994.??.??"]
[Round "9"]
[White "Soppe, Guillermo"]
[Black "Adla, Diego"]
[Result "1/2-1/2"]
[WhiteElo "2430"]
[BlackElo "2415"]

1.d4 Nf6 2.c4 e6 3.Nf3 Bb4+ 4.Bd2 Qe7 5.g3 Nc6 6.Nc3 O-O 7.Bg2 Bxc3 8.Bxc3 Ne4
9.Rc1 d6 10.d5 Nd8 11.dxe6 Nxe6 12.Bb4 c5 13.Ba3 Bd7 14.O-O Bc6 15.b3 f5
16.Bb2 Rac8 17.Qc2  1/2-1/2

[Event "ESP-chT"]
[Site "Cala Galdana"]
[Date "1994.??.??"]
[Round "?"]
[White "Alvarez Ibarra, D Rafael"]
[Black "Rojo Huerta, Gabriel"]
[Result "1/2-1/2"]
[WhiteElo "2435"]
[BlackElo "2370"]

1.d4 Nf6 2.Nf3 e6 3.c4 Bb4+ 4.Bd2 Qe7 5.Nc3 O-O 6.g3 Nc6 7.Bg2 d5 8.a3 Bxc3
9.Bxc3 dxc4 10.Qa4 e5 11.Nxe5 Nxe5 12.dxe5 Ng4 13.Qxc4 Nxe5 14.Qd4 f6 15.Bb4 c5
16.Bxc5 Nd3+ 17.Qxd3 Qxc5 18.O-O Qb6 19.Rfd1 Be6 20.Qd6 Qxd6 21.Rxd6 Kf7
22.Bxb7 Rab8 23.Bf3 Rxb2 24.Ra6 Bc4 25.Rxa7+ Kg6 26.Rc1 Bxe2 27.Bxe2 Rxe2
28.Rcc7 Rg8 29.Kg2 Ra2 30.a4 h5 31.h4 Kh6 32.Rc5 Re8 33.Raa5 Re4 34.Rxh5+ Kg6
35.Rh8 Raxa4 36.h5+ Kf7 37.Rf5 Re8 38.Rxe8 Kxe8 39.Rb5 Kf7 40.f4 Kg8 41.Kh3 Kh7
42.Kg4 Ra3 43.Rb4 Rc3 44.Kh4 Rc1 45.g4 Rh1+ 46.Kg3 f5 47.gxf5 Rxh5 48.Kg4 Rh6
49.Re4 Kg8 50.Re6 Kf7 51.Rxh6 gxh6  1/2-1/2